[Event "II Duchamp Open 2018-U2200"]
[Site "Rio de Janeiro"]
[Date "2018.11.19"]
[Round "4"]
[White "Nascimento, Pedro Henrique Alve"]
[Black "Dos Santos, Rodrigo Mello"]
[Result "0-1"]
[WhiteElo "2007"]
[BlackElo "1965"]
[Annotator "NA RC"]
[PlyCount "108"]
[EventDate "2018.11.14"]
[EventType "swiss"]
[EventCountry "BRA"]
[SourceTitle "playchess.com"]
[Source "ChessBase"]
[SourceQuality "1"]
[TimeControl "5400+30"]

{[%evp 15,108,52,48,41,46,37,40,29,47,37,39,50,73,72,68,-156,-158,-174,-156,-216,-243,-256,-183,-196,-168,-183,-204,-219,-241,-236,-229,-234,-216,-238,-191,-297,-213,-236,-216,-253,-197,-296,-283,-427,-342,-447,-354,-337,-350,-376,-333,-326,-295,-434,-339,-335,-245,-232,0,-335,-362,32767,32767,32767,0,-382,32767,32767,32767,32767,-365,32767,32767,32767,32767,32767,32767,32767,32767,32767,-808,-1489,-2337,-2153,-1612,32767,32767,32767,32767,32767,32767,-29978,-29983,-29998,-29999]} 1. d4 {[%emt 0:29:32]} Nf6 {[%emt 0:29:47]} 2. c4 {[%emt 0:00:19]} c5 {[%emt 0:00:07]} 3. d5 {[%emt 0:00:06]} e6 {[%emt 0:00:04]} 4. Nc3 {[%emt 0:00:06]} exd5 {[%emt 0:00:04]} 5. cxd5 {[%emt 0:00:05]} d6 {[%emt 0:00:04]} 6. e4 {[%emt 0:00:28]} g6 {[%emt 0:00:34]} 7. Bd3 {[%emt 0:00:18]} Bg7 {[%emt 0:00:07]} 8. Nge2 {[%emt 0:00:25]} O-O {[%emt 0:00:15]} 9. O-O {[%emt 0:00:14]} a6 {[%emt 0:01:23]} 10. a4 {[%emt 0:00:07]} Re8 {[%emt 0:05:06]} 11. Ng3 {[%emt 0:05:16]} Nbd7 {[%emt 0:01:44]} 12. h3 {[%emt 0:02:05]} Qc7 {[%emt 0:09:21]} 13. Be3 {[%emt 0:00:57] LiveBook: 15 Games A65: Modern Benoni: 6 e4} b6 {[%emt 0:02:23]} (13... h5 14. Re1 Rb8 15. Qe2 h4 16. Nf1 Nh5 17. a5 Be5 18. Qg4 Bf6 19. Qe2 Be5 20. Qg4 Bf6 21. Qe2 Be5 22. Qg4 {½-½ (22) Torma,R (2499)-Colpe,M (2408) Budapest 2017}) 14. f4 {[%emt 0:00:28]} Bb7 {[%emt 0:02:23]} 15. Qf3 $2 {[%emt 0:01:35] [#]} (15. Re1 $14 {stays ahead.}) 15... Nxd5 $1 {[%emt 0:01:43]} 16. Nxd5 $146 {[%emt 0:03:57]} ({Not} 16. exd5 $2 {[#]} Rxe3 $1 {[%mdl 512]} 17. Qxe3 Bd4 $19) 16... Bxd5 {[%emt 0:00:22]} 17. Kh1 {[%emt 0:00:32]} ({Wrong is} 17. exd5 $2 Rxe3 18. Qxe3 Bd4 $19) 17... Bc6 {[%emt 0:01:04]} ({Not} 17... Bxb2 18. exd5 (18. Rab1 Bd4 $17) 18... Bxa1 19. Rxa1 $11) 18. Qf2 {[%emt 0:02:41]} b5 {[%emt 0:13:01]} 19. axb5 {[%emt 0:01:08]} axb5 {[%emt 0:00:04]} 20. Rxa8 {[%emt 0:00:38]} Rxa8 {[%emt 0:00:02]} ({Don't take} 20... Bxa8 21. f5 $17) 21. e5 {[%emt 0:00:28]} c4 {[%emt 0:07:07]} 22. Bb1 {[%emt 0:07:17]} dxe5 {[%emt 0:00:54]} 23. f5 {[%emt 0:00:11]} Rf8 {[%emt 0:09:58]} 24. Bd2 {[%emt 0:06:56]} Qd6 {[%emt 0:02:47]} 25. Qe1 {[%emt 0:04:20]} (25. Be3 $142) 25... Qd4 {[%emt 0:02:07]} 26. Bc3 {[%emt 0:04:18]} Qh4 {[%emt 0:00:25]} 27. Kh2 {[%emt 0:02:12]} Re8 {[%emt 0:01:40]} 28. fxg6 {[%emt 0:00:44]} (28. Be4 {was necessary.} Ba8 29. Bxa8 Rxa8 30. Qe4 Qxe4 31. Nxe4) 28... hxg6 {[%emt 0:00:35]} 29. Bd2 {[%emt 0:06:38]} Nf6 {[%emt 0:01:14]} 30. Qe2 {[%emt 0:01:07]} Rd8 {[%emt 0:01:57]} 31. Be1 {[%emt 0:00:24]} Qd4 {[%emt 0:02:42]} 32. Bc3 {[%emt 0:00:56]} Qd5 {[%emt 0:00:25]} 33. Bc2 {[%emt 0:00:32]} Re8 {[%emt 0:00:39]} 34. Bb4 {[%emt 0:00:40]} Qd4 {[%emt 0:00:30]} 35. Bc3 {[%emt 0:02:20]} Qh4 {[%emt 0:00:07]} 36. Be1 {[%emt 0:00:57]} Qd4 $2 {[%emt 0:00:29]} ({Black should play} 36... Qh8 $19 37. Ne4 Re6) 37. Bc3 {[%emt 0:00:24]} Qc5 $2 {[%emt 0:00:01]} 38. Qd2 $1 $11 {[%emt 0:01:05]} Qd5 {[%emt 0:00:27]} (38... Qe7 39. Bb1) 39. Qe2 {[%emt 0:00:54]} Qc5 {[%emt 0:01:40]} (39... Qe6 $19 40. Be4 Nxe4 41. Nxe4 Qe7) 40. Ne4 $2 {[%emt 0:01:52]} Nxe4 {[%emt 0:01:06]} 41. Bxe4 {[%emt 0:00:03]} Bxe4 {[%emt 0:00:24]} 42. Qxe4 {[%emt 0:00:07]} Qd6 {[%emt 0:02:11]} 43. Qb7 {[%emt 0:01:10]} e4+ {[%emt 0:00:48]} 44. Kh1 {[%emt 0:00:07]} Qe6 {[%emt 0:00:34]} 45. Bxg7 {[%emt 0:00:49]} Kxg7 {[%emt 0:00:01]} 46. Qxb5 {[%emt 0:00:26]} e3 {[%emt 0:00:30]} 47. Qb4 {[%emt 0:00:38]} Rd8 {[%emt 0:01:41]} 48. Qc3+ {[%emt 0:01:09]} Kg8 {[%emt 0:00:01]} 49. Ra1 {[%emt 0:00:28]} Qe4 {[%emt 0:01:03]} 50. Re1 {[%emt 0:01:05]} Rd2 {[%emt 0:00:26]} 51. Rg1 {[%emt 0:01:36]} Rf2 {[%emt 0:00:27]} 52. b4 {[%emt 0:03:30]} e2 {[%emt 0:00:26]} 53. Qa1 {[%emt 0:03:28] [#]} Rxg2 {[%emt 0:00:42] Promotion} 54. Qe1 {[%emt 0:01:23]} Rf2+ {[%emt 0:00:38]} 0-1

[Event "II Duchamp Open 2018-U2200"]
[Site "Rio de Janeiro"]
[Date "2018.11.19"]
[Round "4"]
[White "Pimentel, Rafael Favarin G."]
[Black "Bomfim, Carlos B Campos Roc"]
[Result "1/2-1/2"]
[WhiteElo "1886"]
[BlackElo "1920"]
[Annotator "NA RC"]
[PlyCount "84"]
[EventDate "2018.11.14"]
[EventType "swiss"]
[EventCountry "BRA"]
[SourceTitle "playchess.com"]
[Source "ChessBase"]
[SourceQuality "1"]
[TimeControl "5400+30"]

{[%evp 8,68,42,45,47,46,65,3,32767,32767,32767,32767,32767,32767,0,-186,37,-60,-85,-113,-143,-59,-14,-12,53,39,47,29,39,47,58,-396,-389,-402,-423,-445,-471,-1259,-1512,-1319,-857,-887,-893,-873,-906,-1227,-564,-529,-554,-714,-446,-552,-509,-497,-458,-435,-468,-451,32767,32767,32767,-541,-541]} 1. d4 {[%emt 0:34:26]} Nf6 {[%emt 0:30:14]} 2. c4 {[%emt 0:00:11]} g6 {[%emt 0:00:38]} 3. Nc3 {[%emt 0:00:07]} Bg7 {[%emt 0:00:15]} 4. e4 d6 {[%emt 0:00:22]} 5. Be2 {[%emt 0:03:19]} Nbd7 {[%emt 0:00:54]} 6. Be3 {[%emt 0:01:27] LiveBook: 7 Games E73: King's Indian: Averbakh Variation without 6...c5} (6. Bg5 c5 7. d5 b5 8. cxb5 a6 9. a4 Qa5 10. Bd2 axb5 11. Bxb5 O-O 12. Nf3 Qc7 13. O-O Bb7 14. Re1 c4 {½-½ (25) Nevednichy,V (2541)-Vajda,L (2597) Medias 2016}) 6... c5 {[%emt 0:00:56]} 7. dxc5 $146 {[%emt 0:03:50]} (7. d5 $14) ({Predecessor:} 7. Qd2 cxd4 8. Bxd4 O-O 9. Nf3 Nc5 10. Qc2 b6 11. O-O Bb7 12. e5 Be4 13. Nxe4 Nfxe4 {1-0 (35) De Wel,H (1855)-Laleman,M (1647) Limburg 2006}) 7... dxc5 {[%emt 0:00:01]} 8. Qa4 {[%emt 0:00:14]} O-O {[%emt 0:00:28]} 9. Rd1 {[%emt 0:00:04]} Qb6 {[%emt 0:01:38]} 10. b3 {[%emt 0:02:05]} Qe6 {[%emt 0:05:58]} 11. f3 $2 {[%emt 0:09:17]} (11. Nf3 $11 {and White stays safe.}) 11... a6 $2 {[%emt 0:06:51]} (11... Ng4 $1 $19 {[%cal Rg4e3]} 12. Nd5 Nxe3 13. Nxe3 f5) 12. Qa3 {[%emt 0:09:10]} ({Better is} 12. Rc1 $11) 12... Ng4 $1 {[%emt 0:08:32]} 13. Nd5 {[%emt 0:13:23]} Nxe3 {[%emt 0:01:14]} 14. Nxe3 {[%emt 0:00:01] [#]} Bc3+ {[%emt 0:03:53]} ({Black should play} 14... f5 $1 $17 15. Nd5 fxe4) 15. Kf1 $1 {[%emt 0:00:48]} f5 {[%emt 0:01:05]} ({Black should try} 15... Bg7 $11) 16. Nd5 {[%emt 0:05:32]} Be5 {[%emt 0:01:08]} 17. exf5 {[%emt 0:01:59]} Rxf5 {[%emt 0:03:51]} 18. Bd3 {[%emt 0:03:36]} Rf7 {[%emt 0:00:30]} 19. Nh3 $2 {[%emt 0:00:38] [#]} (19. h4 $11 {and White stays safe.}) 19... Rxf3+ $1 {[%emt 0:04:26]} 20. gxf3 {[%emt 0:02:01]} Qxh3+ {[%emt 0:01:36] Double Attack} 21. Kf2 {[%emt 0:00:01]} Bd4+ {[%emt 0:02:44]} 22. Ne3 {[%emt 0:00:01]} (22. Ke1 $142 e6 23. Ne7+ Kf7 24. Nxc8) 22... Ne5 {[%emt 0:01:08]} 23. Be4 {[%emt 0:04:33]} Ng4+ {[%emt 0:01:31]} (23... Bf5 $142 24. Bd5+ e6 25. Rxd4 exd5 26. Nxf5 cxd4 27. Nxd4 Re8) 24. Ke2 {[%emt 0:00:01]} Nxe3 {[%emt 0:01:27]} 25. Rxd4 {[%emt 0:00:28]} cxd4 {[%emt 0:01:12]} 26. Qxe7 {[%emt 0:00:04]} Be6 {[%emt 0:04:14]} 27. Kd3 {[%emt 0:04:35]} Bf7 {[%emt 0:01:42]} 28. Qxb7 {[%emt 0:01:28]} Rd8 {[%emt 0:01:09]} 29. Qxa6 {[%emt 0:00:18]} Qg2 {[%emt 0:01:04]} 30. Rc1 {[%emt 0:00:01]} Qb2 {[%emt 0:00:52]} 31. Qa5 {[%emt 0:00:06]} Rb8 {[%emt 0:02:14]} 32. Qd2 {[%emt 0:01:14]} Qa3 {[%emt 0:01:26]} 33. Ke2 {[%emt 0:00:18]} Qc5 {[%emt 0:00:53]} 34. Rg1 $19 {[%emt 0:01:05]} Re8 {[%emt 0:00:51]} 35. Qd3 {[%emt 0:00:32]} Re6 {[%emt 0:01:12]} 36. h4 {[%emt 0:00:18]} Qe5 {[%emt 0:00:11]} 37. Rb1 {[%emt 0:00:48]} Qh2+ {[%emt 0:00:29]} 38. Ke1 {[%emt 0:00:01]} Qg3+ {[%emt 0:00:19]} 39. Kd2 {[%emt 0:00:52]} Qf4 {[%emt 0:00:42]} 40. Ke2 {[%emt 0:00:34]} Qh2+ {[%emt 0:00:44]} 41. Ke1 {[%emt 0:00:04]} Ng2+ {[%emt 0:00:32]} 42. Kd1 {[%emt 0:00:22]} Ne3+ 1/2-1/2

[Event "II Duchamp Open 2018-U2200"]
[Site "Rio de Janeiro"]
[Date "2018.11.19"]
[Round "4"]
[White "Sampaio, Andre Luiz"]
[Black "Peixoto, Rudson Marinho"]
[Result "1-0"]
[WhiteElo "1700"]
[BlackElo "2007"]
[Annotator "NA RC"]
[PlyCount "33"]
[EventDate "2018.11.14"]
[EventType "swiss"]
[EventCountry "BRA"]
[SourceTitle "playchess.com"]
[Source "ChessBase"]
[SourceQuality "1"]
[TimeControl "5400+30"]

{[%evp 8,33,10,0,7,11,5,10,-3,0,0,-33,12,0,6,0,6,1,10,8,0,8,32,24,160,187,156,0]} 1. Nf3 {[%emt 0:29:36]} d5 {[%emt 0:36:55]} 2. d4 {[%emt 0:00:16]} Nf6 {[%emt 0:00:07]} 3. e3 {[%emt 0:00:39]} e6 {[%emt 0:00:09]} 4. Bd3 {[%emt 0:00:26]} Be7 {[%emt 0:00:11]} 5. O-O {[%emt 0:00:40]} O-O {[%emt 0:00:04]} 6. Nbd2 {[%emt 0:00:38]} c5 {[%emt 0:00:16]} 7. c3 {[%emt 0:00:12]} b6 {[%emt 0:00:11]} 8. Qe2 {[%emt 0:01:50]} Bb7 {[%emt 0:00:14]} 9. dxc5 {[%emt 0:02:13] LiveBook: 5 Games} Bxc5 {[%emt 0:01:29]} 10. e4 {[%emt 0:01:11] D05: Colle System with ...e6} dxe4 {[%emt 0:01:13]} 11. Nxe4 {[%emt 0:00:37]} Nxe4 {[%emt 0:01:37]} 12. Bxe4 {[%emt 0:00:14]} Bxe4 {[%emt 0:00:03]} 13. Qxe4 {[%emt 0:00:16]} Nd7 {[%emt 0:00:09]} 14. Bg5 {[%emt 0:05:01]} Be7 {[%emt 0:01:01]} (14... Nf6 15. Qe5 Qe7 16. Rad1 Rfd8 17. Qe2 Qc7 {½-½ (90) Rodrigues,E (2303)-Proudian,A (2354) Pocos de Caldas 2014}) 15. Rad1 {[%emt 0:06:48]} Qe8 $146 {[%emt 0:03:30] [#]} ({Predecessor:} 15... Bxg5 $11 16. Nxg5 Qxg5 17. Rxd7 g6 (17... Rfd8 18. Rfd1 g6 19. g3 Qf6 20. R1d3 Qg5 21. Kg2 Rf8 22. Qd4 Qa5 {½-½ (22) Nachtkamp,H (2091)-Medunova,V (2216) Seefeld 1999})) 16. Bxe7 $1 {[%emt 0:02:43]} Qxe7 {[%emt 0:00:07]} 17. Ra1 $11 (17. Qb7 $18 Rfd8 {[#]} 18. Ne5 $1 {[%mdl 576] Pin}) 1-0

[Event "II Duchamp Open 2018-U2200"]
[Site "Rio de Janeiro"]
[Date "2018.11.20"]
[Round "5"]
[White "Rocha, Vitor Firmo De Souz"]
[Black "Dos Santos, Rodrigo Mello"]
[Result "1-0"]
[WhiteElo "2174"]
[BlackElo "1965"]
[Annotator "TA"]
[PlyCount "113"]
[EventDate "2018.11.14"]
[EventType "swiss"]
[EventCountry "BRA"]
[SourceTitle "playchess.com"]
[Source "ChessBase"]
[SourceQuality "1"]

{[%evp 30,113,39,8,77,73,72,62,56,68,79,10,17,8,95,30,23,30,37,31,36,31,50,47,144,145,150,147,147,148,141,145,138,60,224,237,1200,1120,29964,29959,5389,5273,1589,383,354,352,317,301,595,661,327,545,434,434,995,834,995,950,945,974,973,945,945,720,885,650,29975,29976,29976,29977,29975,29974,29974,29980,29976,29974,29974,29975,29979,29980,29989,29990,29990,29991,29992,29993]} 1. e4 c5 2. Nf3 d6 3. d4 cxd4 4. Nxd4 Nf6 5. Nc3 a6 6. Bg5 e6 7. f4 h6 8. Bh4 Be7 9. Qf3 Qc7 10. O-O-O Nbd7 11. Bd3 g5 12. fxg5 Ne5 13. Qe2 Nfg4 14. Nf3 hxg5 15. Bg3 Bd7 16. Rhf1 {[#] LiveBook: 7 Games. B99: Sicilian Najdorf: 6 Bg5 e6 7 f4 Be7 8 Qf3 Qc7 9 0-0-0 Nbd7} O-O-O $146 (16... f6 $11 {keeps the balance.}) ({Predecessor:} 16... Qc5 17. Nxe5 Nxe5 18. Kb1 Rc8 19. Bf2 Qa5 20. Bd4 Rh6 21. h4 Rxh4 22. g3 Rh8 23. Qf2 Rc6 24. Bxe5 Qxe5 25. Qxf7+ Kd8 26. Ne2 Rf8 27. Qh7 Rh8 28. Qf7 Rf8 29. Qh7 Rh8 {½-½ (29) Shirov,A (2740)-Ivanchuk,V (2740) Leon 2008}) 17. Nxe5 $16 Nxe5 18. Bxe5 {White is better.} dxe5 19. Rxf7 Be8 20. Rff1 (20. Rg7 $16 {Hoping for Qg4.} Kb8 21. Qg4) 20... Rxh2 $11 {...Bh5 is the strong threat.} 21. Qg4 Rh6 (21... Bd7 $1 $11) 22. Rh1 (22. Nd5 $1 $16 {[%cal Rd5c7]} Qc5 23. Nxe7+ Qxe7 24. Qg3) 22... Rxh1 23. Rxh1 {[%cal Bd1h1,Bh1h7,Bh7d7][%mdl 32]} Bd7 24. Rh7 Qc5 25. a3 Kb8 26. Kb1 Rf8 {[#]} ({Black should try} 26... Rc8 $14) 27. Nd5 $1 $16 {[%cal Rd5e7][%mdl 576] Pin} Bd6 (27... exd5 28. Qxd7) 28. Rxd7 exd5 29. Qe6 ({Don't play} 29. Qxg5 $6 dxe4 30. Be2 Bc7 $11) 29... dxe4 30. Bxe4 ({Much worse is} 30. Rxd6 $6 exd3 31. Rxd3 Ka8 $11) 30... Bc7 31. Qb3 (31. Rg7 $16) 31... b6 $2 {[#]} (31... Qb5 $1 $14) 32. Qe6 $1 $40 {[%mdl 128] Strongly threatening Ka2. White is out for blood.} Rd8 $2 (32... a5 33. Bd5 Rf1+ 34. Ka2 Rf8) 33. b4 Qg1+ {[#]} 34. Ka2 $1 Rxd7 35. Qxd7 {Threatening mate with Qe8+.} Qd4 36. Qe8+ $2 (36. Bd5 {Qe8+ would kill now.} Qxd5+ 37. Qxd5) 36... Qd8 37. Qc6 {[%csl Ge4][%cal Rc6b7]} Kc8 38. Bd3 Qd6 $2 (38... Qe7 39. Bxa6+ Kd8) 39. Bxa6+ Kd8 40. Qxd6+ Bxd6 {[%mdl 4096] Endgame KB-KB} 41. Bd3 g4 (41... Be7 $142 42. g4 e4) 42. Kb3 Be7 43. Kc4 Bg5 44. Kb5 Kc7 45. a4 Be3 46. c4 {[%cal Bc2c4,Bc4c5,Bc5c6][%mdl 32]} Bd4 47. Be4 g3 48. a5 {White mates.} bxa5 49. Kxa5 Bb6+ 50. Kb5 Bd4 51. c5 Be3 52. Kc4 Bd2 53. b5 {[%cal Bb4b5,Bb5b6][%mdl 32]} Ba5 54. b6+ Kc8 55. Kb5 Bd2 56. c6 Be3 57. Bf5+ {Accuracy: White = 64%, Black = 21%.} 1-0

[Event "II Duchamp Open 2018-U2200"]
[Site "Rio de Janeiro"]
[Date "2018.11.20"]
[Round "5"]
[White "Lebredo Zaragoitia, Gerardo"]
[Black "Dos Santos, Vitor Eduardo Mello"]
[Result "1/2-1/2"]
[WhiteElo "2139"]
[BlackElo "2054"]
[Annotator "TA"]
[PlyCount "24"]
[EventDate "2018.11.14"]
[EventType "swiss"]
[EventCountry "BRA"]
[SourceTitle "playchess.com"]
[Source "ChessBase"]
[SourceQuality "1"]

{[%evp 15,24,18,22,16,18,19,17,10,16,7,8]} 1. d4 d5 2. c4 Nc6 3. Nc3 Nf6 4. cxd5 Nxd5 5. e4 Nxc3 6. bxc3 e5 7. d5 Nb8 8. Nf3 Bd6 {LiveBook: 15 Games. The position is equal. D07: Queen's Gambit: Chigorin Defence} (8... Nd7 9. Be2 Bd6 10. Bg5 f6 11. Be3 O-O 12. O-O Kh8 13. Nd2 Nc5 14. Bg4 Bd7 15. Qe2 Be8 16. f3 {1-0 (52) Campos Moreno,J (2458)-Perez Mitjans,O (2435) Figueres 2014}) 9. Bg5 f6 10. Be3 O-O 11. Be2 b6 12. O-O Nd7 $146 ({Predecessor:} 12... f5 13. exf5 Bxf5 14. Re1 Nd7 15. Bg5 Qe8 16. Nh4 {0-1 (29) Brumen,D (2349)-Juranic,B (2214) Rijeka 2009}) 1/2-1/2

[Event "II Duchamp Open 2018-U2200"]
[Site "Rio de Janeiro"]
[Date "2018.11.20"]
[Round "5"]
[White "Rios Fo., Hilton Carlos Da Si"]
[Black "Lopes Fo, Jorge Antonio Ferre"]
[Result "1/2-1/2"]
[WhiteElo "2138"]
[BlackElo "2126"]
[Annotator "TA"]
[PlyCount "163"]
[EventDate "2018.11.14"]
[EventType "swiss"]
[EventCountry "BRA"]
[SourceTitle "playchess.com"]
[Source "ChessBase"]
[SourceQuality "1"]

{[%evp 25,163,95,89,91,100,70,64,47,54,54,44,54,48,45,72,23,47,45,62,65,67,65,63,71,58,62,77,63,91,95,85,69,81,99,91,22,22,17,31,31,30,30,37,39,93,91,148,135,135,135,135,133,121,119,153,105,107,107,104,83,83,87,84,37,96,90,96,62,83,78,87,64,70,68,73,59,108,56,65,58,58,50,64,58,58,48,58,58,56,50,79,0,56,56,56,40,40,14,48,50,50,49,54,52,53,54,50,39,39,39,39,43,46,31,81,85,87,87,87,87,104,91,6193,6103,6103,6095,6095,6095,6095,6095,5089,0,0,0,0,0,0,0,0,-29985]} 1. c4 Nf6 2. Nc3 c5 3. Nf3 Nc6 4. e3 g6 5. d4 Bg7 6. d5 Nb8 7. Bd3 d6 8. h3 O-O 9. e4 e6 10. O-O Na6 11. Bf4 e5 12. Bg5 h6 {E90: King's Indian: Classical: Early deviations and 6 h3} 13. Be3 Nh5 {LiveBook: 8 Games} 14. Re1 {[#]} Nf4 $146 {White is better.} ({Predecessor:} 14... Bd7 15. a3 Be8 16. Qd2 g5 17. Ne2 Bd7 18. Ng3 Nf4 19. Nf5 Qf6 20. Nh2 {½-½ (52) Har Zvi,R (2510)-Smirin,I (2615) Israel 1996}) 15. Bf1 Nc7 16. Kh2 g5 17. g3 Ng6 18. a3 f5 19. exf5 Bxf5 20. Bd3 Bxd3 21. Qxd3 Ne7 22. Nd2 Nf5 23. Kg2 Qd7 24. b4 b6 25. Rab1 {[%cal Ba1b1,Bb1b3,Bb3a3][%mdl 32]} Rab8 26. Rb3 Kh8 27. Reb1 cxb4 28. axb4 Nd4 29. Ra3 a6 30. Bxd4 (30. Nb3 $16) 30... exd4 $11 31. Ne2 {[%cal Bc3e2,Be2d4,Bd4f3][%mdl 32]} b5 32. Nxd4 bxc4 33. Qxc4 Qf7 {[%mdl 64] Double Attack} 34. N4f3 Nxd5 (34... Rbc8 $1 $14 35. Rd3 Nb5) 35. Rxa6 Rfc8 ({Black should play} 35... Nc3 36. Qxf7 Rxf7) 36. Rc6 Rxc6 37. Qxc6 Rxb4 38. Rxb4 Nxb4 39. Qxd6 Qf8 40. Qd7 Qa8 41. Kh2 {Threatens to win with h4.} Qd5 42. Qc7 {Hoping for Qb8+.} Nd3 43. Qb8+ Kh7 44. Qa7 Kh8 (44... Qc5 $14 45. Qxc5 Nxc5) 45. Qe3 $16 Ne5 46. Ne1 Kg8 47. Qe2 Qd4 48. Nf1 Kh8 49. Ne3 Qe4 50. Qd1 Nc4 51. N3c2 (51. Nxc4 $16 Qxc4 52. Nc2) 51... Ne5 52. Kg1 Qf5 53. g4 Qd7 54. Qe2 Ng6 55. Ng2 Ne5 56. Nce1 Qd4 57. Qc2 Nc4 58. Qe2 Ne5 $1 59. Ne3 Qa1 60. Kg2 Ng6 {And now ...Nf4+ would win.} 61. Qd2 Nh4+ 62. Kf1 Bc3 63. Qd8+ Kh7 {[%csl Gc3][%cal Ra1e1]} 64. Qd7+ Kh8 {[%csl Gc3][%cal Ra1e1]} 65. Qc8+ Kh7 {[%csl Gc3][%cal Ra1e1]} 66. N3c2 Qb2 67. Qd7+ Kh8 68. Qd8+ Kh7 69. Qd3+ Kh8 70. f4 {[%cal Bf2f4,Bf4f5,Bf5f6][%mdl 32]} Bxe1 71. Nxe1 {aiming for fxg5.} Qf6 72. f5 Qe5 73. Qd2 Qg3 $2 {[%mdl 8192] [#]} (73... h5 $16) 74. Qd8+ $1 $18 Kh7 75. Qe7+ Kg8 {[#]} 76. f6 $1 {[%csl Gf6][%cal Re7g7]} Qf4+ 77. Ke2 {[%csl Gf6][%cal Re7g7]} Qc4+ 78. Kd1 $2 (78. Nd3 $18 {[%csl Gf6][%cal Re7g7]} Qa2+ 79. Kd1) 78... Qf7 $11 {The position is equal.} 79. Qd8+ Qf8 80. Qd4 Qf7 81. Ke2 Qe6+ 82. Qe4 $2 {[%mdl 40960] Accuracy: White = 59%, Black = 55%. . An unexpected result.} (82. Qe3 $11 Qa2+ 83. Kd3 Qa6+ 84. Kc2 Qxf6 85. Qb3+ Kh7 86. Qb7+ Kh8 87. Nd3) 1/2-1/2

[Event "II Duchamp Open 2018-U2200"]
[Site "Rio de Janeiro"]
[Date "2018.11.20"]
[Round "5"]
[White "Peixoto, Rudson Marinho"]
[Black "Pimentel, Rafael Favarin G."]
[Result "0-1"]
[WhiteElo "2007"]
[BlackElo "1886"]
[Annotator "NA RC"]
[PlyCount "86"]
[EventDate "2018.11.14"]
[EventType "swiss"]
[EventCountry "BRA"]
[SourceTitle "playchess.com"]
[Source "ChessBase"]
[SourceQuality "1"]
[TimeControl "5400+30"]

{[%evp 12,81,6,0,8,0,-3,-13,-8,-16,-16,-60,-74,-91,-64,-143,-115,-125,-116,-137,-47,-101,-122,-201,-172,-248,-237,-253,-254,-235,-98,-141,-138,-159,-110,-124,-116,-112,-117,-135,-30,-57,1,-16,49,48,75,84,78,18,88,42,92,76,128,80,113,21,116,120,178,123,125,121,142,139,32767,32767,32767,32767,-448,-447]} 1. e4 {[%emt 0:29:37]} c5 {[%emt 0:31:18]} 2. Nf3 {[%emt 0:00:09]} Nc6 {[%emt 0:00:20]} 3. d4 {[%emt 0:00:07]} cxd4 {[%emt 0:00:13]} 4. Nxd4 {[%emt 0:00:07]} e6 {[%emt 0:00:22]} 5. Nxc6 {[%emt 0:00:10]} bxc6 {[%emt 0:00:11]} 6. Bd3 {[%emt 0:00:07]} d5 {[%emt 0:00:09]} 7. O-O {[%emt 0:00:35]} Bd6 {[%emt 0:01:48] LiveBook: 3 Games B44: Sicilian: Taimanov: 5 Nb5} (7... Nf6 8. Nd2 Be7 9. Re1 Bb7 10. e5 Nd7 11. b3 a5 12. Qg4 g6 13. Nf3 a4 14. Bh6 Qa5 15. Bd2 Qa7 16. b4 c5 17. a3 {1-0 (59) Battulga,N (2421)-Van Wely,L (2642) Batumi 2018}) 8. Qe2 {[%emt 0:01:15]} Qc7 {[%emt 0:00:44]} 9. g3 $146 {[%emt 0:00:41]} ({Predecessor:} 9. h3 Nf6 10. Nd2 Bd7 11. Re1 e5 12. Nf3 O-O 13. Bg5 dxe4 14. Bxe4 Nxe4 15. Qxe4 {0-1 (32) Cambando,J (2077)-Chipanga,C (2048) Windhoek 2014}) 9... Ne7 {[%emt 0:03:08]} 10. exd5 {[%emt 0:00:14]} cxd5 {[%emt 0:02:53]} 11. Nc3 {[%emt 0:00:28] [#]} a6 $1 {[%emt 0:00:11]} 12. Re1 {[%emt 0:01:52]} O-O {[%emt 0:00:33]} 13. Qh5 {[%emt 0:00:30]} (13. Na4 $142) 13... Ng6 {[%emt 0:02:04]} 14. Bd2 {[%emt 0:01:59]} Rb8 {[%emt 0:00:57]} 15. Rab1 {[%emt 0:01:45]} Bb7 {[%emt 0:12:19]} (15... f5 $17 16. Ne2 e5) 16. a3 {[%emt 0:00:15]} e5 {[%emt 0:01:52]} 17. Qe2 {[%emt 0:00:27]} (17. Bf5 $17) 17... Qc6 {[%emt 0:06:16]} 18. Bf5 {[%emt 0:03:35]} (18. f3 {is a better defense.}) 18... Ne7 {[%emt 0:03:33]} ({Worse is} 18... d4 19. Be4 $11) 19. Qg4 {[%emt 0:01:28]} Nxf5 {[%emt 0:11:59]} ({Don't play} 19... d4 20. Ne4 $17) 20. Qxf5 {[%emt 0:00:09]} Bc8 {[%emt 0:00:37]} ({Much less strong is} 20... d4 21. Ne4) (20... Rfe8 $19 {is more deadly.} 21. b4 f6) 21. Qd3 {[%emt 0:02:03]} Be6 {[%emt 0:00:18]} 22. b4 {[%emt 0:00:19]} d4 {[%emt 0:02:32]} 23. Ne4 {[%emt 0:02:03]} Bc4 {[%emt 0:00:08]} 24. Qf3 {[%emt 0:00:33]} Bd5 {[%emt 0:03:54]} 25. Qd3 {[%emt 0:00:25] [#]} Bxe4 {[%emt 0:03:47]} (25... Be7 $1 $17 26. g4 f5) 26. Rxe4 {[%emt 0:00:31]} Rfc8 {[%emt 0:00:18]} 27. Rc1 {[%emt 0:01:27]} f5 {[%emt 0:03:09]} (27... Qc4 $11) 28. Ree1 {[%emt 0:00:34]} Qc4 {[%emt 0:01:12]} 29. Qxf5 {[%emt 0:00:30]} Rf8 {[%emt 0:00:17]} 30. Qd7 {[%emt 0:00:32]} (30. Qe4 $16) 30... Rbd8 {[%emt 0:00:49]} (30... Rf6 $11 {keeps the balance.}) 31. Qb7 {[%emt 0:00:23]} Rf7 {[%emt 0:00:15]} 32. Qe4 {[%emt 0:01:30]} Rdf8 {[%emt 0:00:31]} (32... Rc8 $14) 33. Re2 {[%emt 0:00:56]} Qa2 {[%emt 0:01:06]} 34. Qc6 {[%emt 0:02:48]} (34. Qd3 $16) 34... Bb8 {[%emt 0:02:23]} (34... Rf6 $1 $14) 35. Qxa6 {[%emt 0:00:32]} e4 {[%emt 0:01:18]} (35... Ra7 $16 {might work better.} 36. Qc6 Qxa3) 36. Qc6 {[%emt 0:00:39]} ({White should try} 36. a4 $18) 36... d3 {[%emt 0:00:53]} 37. Rxe4 {[%emt 0:07:26]} Rxf2 {[%emt 0:01:08]} 38. Re8 {[%emt 0:07:44]} Ba7 {[%emt 0:02:36]} 39. Be3 {[%emt 0:00:15]} Bxe3 {[%emt 0:00:18]} 40. Rxe3 {[%emt 0:01:07]} d2 {[%emt 0:00:40]} 41. Rd1 $19 {[%emt 0:00:57]} Rf1+ {[%emt 0:00:24]} 42. Rxf1 {[%emt 0:00:42]} Rxf1+ {[%emt 0:00:01]} 43. Kxf1 {[%emt 0:00:15]} d1=Q+ {[%emt 0:00:08]} 0-1